书目信息 |
| 题名: |
南商与北商
|
|
| 作者: | 欧人 编著 | |
| 分册: | ||
| 出版信息: | 1996.10 |
|
| 页数: | 427页 | |
| 开本: | 20cm | |
| 丛书名: | ||
| 单 册: | ||
| 中图分类: | I25 | |
| 科图分类: | ||
| 主题词: | 报告文学--中国 , 传记文学--中国 | |
| 电子资源: | ||
| ISBN: | 7-80609-475-X | |
| 000 | 00509nam0 2200193 45 | |
| 001 | 0256379266 | |
| 005 | 2002123015393849 | |
| 010 | @a7-80609-475-X@dRMB 19.80 | |
| 100 | @a20021230d1996 km y0chiy0120 ea | |
| 101 | 0 | @achi |
| 200 | 1 | @a南商与北商@Anan shang yu bei shang@f欧人等编著@Fou ren deng bian zhu |
| 210 | @d1996.10 | |
| 215 | @a427页@d20cm | |
| 606 | 0 | @a报告文学@x中国 |
| 606 | 0 | @a传记文学@x中国 |
| 690 | @aI25@v3 | |
| 701 | 0 | @a欧人@Aou ren@4编著 |
| 801 | 0 | @aCN@bPFT@c20021230 |
| 905 | @dI25@eO325 | |
| 南商与北商/欧人等编著.-1996.10 |
| 427页;20cm |
| ISBN 7-80609-475-X:RMB 19.80 |
| ● |
| 相关链接 |
|
|
|
正题名:南商与北商
索取号:I25/O325
 
预约/预借
| 序号 | 登录号 | 条形码 | 馆藏地/架位号 | 状态 | 备注 |
| 1 | 363974 | 203639740 | 社科二线422/422社科库 29排3列4层/ [索取号:I25/O325] | 在馆 |